000 00885nam0a22002651 4500
001 rc\4813018
005 20250612190626.0
021 _aRU
_b[62-6480]
035 _a(NLR Aleph) 008797321
090 _a8079202
_c8079202
100 _a20130426d1962 |||y0rusy50 ca
101 0 _arus
102 _aRU
105 _ay z |||||
200 1 _aВторая фортепьянная соната Рахманинова
210 _aМосква
_cМузгиз
_d1962
215 _a16 с.
_d14
225 1 _aК Международному конкурсу имени П.И. Чайковского
700 1 _aБрянцева
_bВ.Н.
_f1927-
_gВера Николаевна
702 1 _aРахманинов
_bС.В.
_f1873-1943
_gСергей Васильевич
_4570
801 0 _aRU
_bNLR
_gpsbo
801 1 _aRU
_bELAR
_2rusmarc
852 _aNLR
_j62-1/171
942 _cBOOK
980 _aNB